00389nam a2200157Ia 4500003000400000005001700004008004100021020001800062040000900080082001800089100002000107245004400127260003700171300000900208650001400217OSt20200821114138.0190216s9999||||xx |||||||||||||| ||und|| a9780824702540 coclc a541.33bROS/N aRosoff, Morton  0aNano Surface Chemistry /cMorton Rosoff bMarcel Dekker,c2016.aNew York: a678p aChemistry